[Event "CRO-chT3"]
[Site "Zagreb"]
[Date "2008.10.12"]
[Round "8"]
[White "Drvodelic, Miroslav"]
[Black "Kapic, Ibrahim"]
[Result "1/2-1/2"]
[WhiteElo "2100"]
[BlackElo "2229"]
[PlyCount "120"]
[EventDate "2008.03.30"]
[EventType "team-tourn"]
[EventRounds "9"]
[EventCountry "CRO"]
[SourceTitle "EXT 2011"]
[Source "ChessBase"]
[SourceDate "2010.11.26"]
[SourceVersion "1"]
[SourceVersionDate "2010.11.26"]
[SourceQuality "1"]

1. d4 f5 2. e4 fxe4 3. Nc3 Nf6 4. Bg5 Nc6 5. f3 e5 6. dxe5 Nxe5 7. Nxe4 Be7 8. Nxf6+ Bxf6 9. Bxf6 Qxf6 10. Qd4 0-0 11. Ne2 d6 12. 0-0-0 Be6 13. Nc3 a6 14. Kb1 Qf7 15. a3 Rae8 16. Bd3 Nxd3 17. Rxd3 Bf5 18. Rd2 b6 19. Qd5 Re5 20. Qxf7+ Rxf7 21. Re2 Rxe2 22. Nxe2 Re7 23. Ng3 Bg6 24. Kc1 Re5 25. Rd1 Rg5 26. Rd2 Kf8 27. Kd1 Ke7 28. Ke2 Kd7 29. Kf2 a5 30. Ne2 Re5 31. Nf4 Bf7 32. Nd3 Rd5 33. Ke3 Rb5 34. a4 Rd5 35. f4 c5 36. b3 Kc6 37. g4 g6 38. Rf2 Rd4 39. h3 h5 40. c4 Kc7 41. gxh5 gxh5 42. Rg2 Be6 43. Rg7+ Kc8 44. Rg5 d5 45. Re5 dxc4 46. Nxc5 Rd1 47. Nxe6 cxb3 48. Rb5 Re1+ 49. Kd4 Rxe6 50. Rxb3 Kc7 51. f5 Re1 52. Rf3 Kd7 53. f6 Ke8 54. Kd5 Kf7 55. Kc6 Re4 56. Kxb6 Rxa4 57. Kb5 Ra1 58. Rf5 a4 59. Kb4 a3 60. Kb3 a2 1/2-1/2

[Event "Velika Gorica op 8th"]
[Site "Velika Gorica"]
[Date "2008.08.30"]
[Round "9"]
[White "Kozina, Zdenko"]
[Black "Kapic, Ibrahim"]
[Result "1/2-1/2"]
[WhiteElo "1978"]
[BlackElo "2227"]
[PlyCount "121"]
[EventDate "2008.08.23"]
[EventType "swiss"]
[EventRounds "9"]
[EventCountry "CRO"]
[SourceTitle "CBM 126 Extra"]
[Source "ChessBase"]
[SourceDate "2008.11.05"]
[SourceVersion "1"]
[SourceVersionDate "2008.11.05"]
[SourceQuality "1"]

1. d4 f5 2. c4 Nf6 3. Nc3 g6 4. Nf3 Bg7 5. e3 d6 6. Bd3 Nbd7 7. e4 fxe4 8. Nxe4 0-0 9. Neg5 Nb6 10. Qc2 c6 11. h4 Qe8 12. h5 Nxh5 13. Rxh5 Rxf3 14. Nxf3 e5 15. Rh1 e4 16. Bxe4 d5 17. cxd5 cxd5 18. Ne5 Bxe5 19. dxe5 Qxe5 20. Be3 dxe4 21. Rd1 Be6 22. Rh4 Bd5 23. Bd4 Qe7 24. g3 Rc8 25. Qd2 Bxa2 26. Bxb6 axb6 27. Qd4 Re8 28. Qa4 Qe6 29. Rd4 Bd5 30. Rxd5 Rc8 31. Qxe4 Qc6 32. Rd1 Re8 33. Qxe8+ Qxe8+ 34. Kf1 Qb5+ 35. Kg1 h5 36. b4 Kg7 37. Rd6 Qe2 38. Rhd4 Qb2 39. Rf4 g5 40. Rc4 Kf7 41. Rxb6 Qb1+ 42. Kg2 h4 43. Rxb7+ Ke6 44. gxh4 gxh4 45. Rb6+ Kd7 46. Rxh4 Qf5 47. Rd4+ Kc7 48. Rbd6 Qg5+ 49. Kf3 Qf5+ 50. Ke3 Qe5+ 51. Kd3 Qf5+ 52. Ke2 Qh5+ 53. Kd2 Qg5+ 54. f4 Qg2+ 55. Kd3 Qf1+ 56. Ke4 Qe2+ 57. Kf5 Qh5+ 58. Ke6 Qg6+ 59. Ke5 Qe8+ 60. Re6 Qh8+ 61. Ke4 1/2-1/2

[Event "Zagreb op-B"]
[Site "Zagreb"]
[Date "2008.05.18"]
[Round "8"]
[White "Kapic, Ibrahim"]
[Black "Ljubic, Juro"]
[Result "1/2-1/2"]
[WhiteElo "2244"]
[BlackElo "2214"]
[PlyCount "107"]
[EventDate "2008.05.12"]
[EventType "swiss"]
[EventRounds "9"]
[EventCountry "CRO"]
[SourceTitle "CBM 124 Extra"]
[Source "ChessBase"]
[SourceDate "2008.07.03"]
[SourceVersion "1"]
[SourceVersionDate "2008.07.03"]
[SourceQuality "1"]

1. e4 b6 2. d4 Bb7 3. f3 e6 4. c4 d6 5. Be3 Nd7 6. Bd3 g6 7. Ne2 Bg7 8. Nbc3 Ne7 9. Qd2 Nc6 10. Bg5 Bf6 11. h4 h5 12. 0-0-0 a6 13. Kb1 Nb4 14. Qe3 Qe7 15. Bc2 Nxc2 16. Kxc2 0-0-0 17. Rd2 Bxg5 18. hxg5 f6 19. gxf6 Qxf6 20. Qf4 Qe7 21. Qg3 g5 22. Rdd1 Rdg8 23. Rh2 Qf6 24. Rdh1 Qg6 25. Kc1 e5 26. Qh3 c6 27. dxe5 dxe5 28. Qf5 h4 29. Qxg6 Rxg6 30. Ng3 Rf8 31. Nf5 Kc7 32. g3 hxg3 33. Rg2 Rf7 34. Rxg3 Nc5 35. Rgh3 Bc8 36. Rh7 Rgf6 37. R1h5 Bxf5 38. exf5 Rxf5 39. Ne4 Nxe4 40. fxe4 Rf1+ 41. Kd2 Rxh7 42. Rxh7+ Kd6 43. b4 Rf2+ 44. Kd3 Rxa2 45. Rh6+ Kd7 46. Rh7+ Ke8 47. Rc7 Ra4 48. Kc3 a5 49. bxa5 Rxa5 50. Rxc6 Kd7 51. Rxb6 Ra3+ 52. Kb4 Re3 53. Rg6 Rxe4 54. Rxg5 1/2-1/2

[Event "Zagreb op-B"]
[Site "Zagreb"]
[Date "2008.05.16"]
[Round "5"]
[White "Kapic, Ibrahim"]
[Black "Miletic, Josip"]
[Result "0-1"]
[WhiteElo "2244"]
[BlackElo "2228"]
[PlyCount "120"]
[EventDate "2008.05.12"]
[EventType "swiss"]
[EventRounds "9"]
[EventCountry "CRO"]
[SourceTitle "CBM 124 Extra"]
[Source "ChessBase"]
[SourceDate "2008.07.03"]
[SourceVersion "1"]
[SourceVersionDate "2008.07.03"]
[SourceQuality "1"]

1. e4 c5 2. Nf3 g6 3. c3 Bg7 4. d4 cxd4 5. cxd4 d5 6. e5 Nc6 7. h3 f6 8. Bb5 Nh6 9. 0-0 0-0 10. Nc3 Be6 11. Qe2 Qd7 12. Kh2 Nf7 13. exf6 exf6 14. Be3 Nd6 15. Bd3 Rfe8 16. Qd2 Nf5 17. Bxf5 Bxf5 18. Rfe1 Nb4 19. Bf4 Rxe1 20. Nxe1 h5 21. a3 Nc6 22. h4 Na5 23. Qd1 b5 24. Nd3 Nc4 25. Nc5 Qc6 26. b3 Nb6 27. Qe2 a6 28. Rc1 Re8 29. Qd2 Nd7 30. Nd1 Bf8 31. Nxd7 Qxd7 32. Rc7 Qe6 33. b4 Bd6 34. Ra7 g5 35. hxg5 fxg5 36. Bxd6 Qxd6+ 37. g3 Qg6 38. Ne3 Be4 39. Rc7 h4 40. Rc1 hxg3+ 41. fxg3 Qh6+ 42. Kg1 Qh1+ 43. Kf2 Rf8+ 44. Ke2 Qf3+ 45. Ke1 Qxg3+ 46. Kd1 Rf2 47. Rc8+ Kf7 48. Qe1 Qf3+ 49. Kc1 Re2 50. Rc7+ Ke8 51. Qc3 Qxe3+ 52. Qxe3 Rxe3 53. Kb2 g4 54. Rg7 g3 55. Kc1 g2 56. Kd2 Rxa3 57. Ke2 Ra1 58. Kf2 g1Q+ 59. Rxg1 Rxg1 60. Kxg1 Kd7 0-1

[Event "Zagreb op-B"]
[Site "Zagreb"]
[Date "2008.05.14"]
[Round "3"]
[White "Kapic, Ibrahim"]
[Black "Raljic, Mirko"]
[Result "1/2-1/2"]
[WhiteElo "2244"]
[BlackElo "2131"]
[PlyCount "66"]
[EventDate "2008.05.12"]
[EventType "swiss"]
[EventRounds "9"]
[EventCountry "CRO"]
[SourceTitle "CBM 124 Extra"]
[Source "ChessBase"]
[SourceDate "2008.07.03"]
[SourceVersion "1"]
[SourceVersionDate "2008.07.03"]
[SourceQuality "1"]

1. e4 c5 2. Nf3 e6 3. c3 Nf6 4. e5 Nd5 5. d4 cxd4 6. cxd4 d6 7. Bc4 Qc7 8. Bb3 Nc6 9. 0-0 Be7 10. Re1 0-0 11. Bd2 Rd8 12. Qc1 Bd7 13. Nc3 Nxc3 14. Bxc3 Rac8 15. Qf4 dxe5 16. dxe5 Rf8 17. Qg4 Bc5 18. Bc2 g6 19. Ng5 h5 20. Qg3 Nd4 21. Be4 Nf5 22. Qf3 Bc6 23. h3 Be7 24. Bxc6 Qxc6 25. Ne4 Kg7 26. Rad1 Rcd8 27. Qe2 Rxd1 28. Rxd1 Rd8 29. Rxd8 Bxd8 30. Qd3 Be7 31. g3 Qd5 32. Qb1 Nd4 33. Qd3 Nf5 1/2-1/2

[Event "Zagreb op-B"]
[Site "Zagreb"]
[Date "2008.05.13"]
[Round "2"]
[White "Grabar, Bozidar"]
[Black "Kapic, Ibrahim"]
[Result "0-1"]
[WhiteElo "2087"]
[BlackElo "2244"]
[PlyCount "80"]
[EventDate "2008.05.12"]
[EventType "swiss"]
[EventRounds "9"]
[EventCountry "CRO"]
[SourceTitle "CBM 124 Extra"]
[Source "ChessBase"]
[SourceDate "2008.07.03"]
[SourceVersion "1"]
[SourceVersionDate "2008.07.03"]
[SourceQuality "1"]

1. d4 f5 2. c4 Nf6 3. Nc3 g6 4. f4 Bg7 5. Nf3 d6 6. e3 0-0 7. Be2 c6 8. 0-0 Na6 9. a3 Nc7 10. Rb1 Bd7 11. Bd2 Kh8 12. Be1 Qe8 13. h3 Be6 14. Bg3 Bg8 15. Qc2 Rc8 16. b4 b5 17. c5 Ncd5 18. Nxd5 Nxd5 19. Bf2 Nf6 20. Bd3 Bd5 21. Bg3 Ne4 22. Bh4 Ra8 23. Nd2 Nxd2 24. Qxd2 a5 25. Ra1 axb4 26. axb4 Qd7 27. Qc3 Qe6 28. Bc2 dxc5 29. bxc5 b4 30. Qd2 b3 31. Bd3 Ra2 32. Rxa2 bxa2 33. Bg3 Ra8 34. Ra1 Qd7 35. Be1 Ra3 36. Bc2 Qb7 37. Qc1 Qa6 38. Bb4 Qe2 39. e4 Rg3 40. Qf1 Bxd4+ 0-1

[Event "CRO-chT3"]
[Site "Zagreb"]
[Date "2008.05.04"]
[Round "6"]
[White "Jakovljevski, Radivoje"]
[Black "Kapic, Ibrahim"]
[Result "1/2-1/2"]
[WhiteElo "2106"]
[BlackElo "2229"]
[PlyCount "121"]
[EventDate "2008.03.30"]
[EventType "team-tourn"]
[EventRounds "9"]
[EventCountry "CRO"]
[SourceTitle "EXT 2011"]
[Source "ChessBase"]
[SourceDate "2010.11.26"]
[SourceVersion "1"]
[SourceVersionDate "2010.11.26"]
[SourceQuality "1"]

1. e4 e5 2. Nf3 Nc6 3. Bb5 Nf6 4. Bxc6 dxc6 5. d3 Bd6 6. Be3 h6 7. h3 c5 8. c4 c6 9. Nc3 Qe7 10. Rc1 Bc7 11. a3 0-0 12. g4 Nh7 13. Ne2 Rd8 14. Ng3 b6 15. Nf5 Bxf5 16. gxf5 Rd6 17. Ke2 Rad8 18. Rc3 Kh8 19. b4 cxb4 20. axb4 R6d7 21. Qa4 Bb8 22. c5 b5 23. Qa6 Rc7 24. Rc2 Qf6 25. h4 Qe7 26. Rd2 Nf6 27. Bg5 Kg8 28. Bxf6 Qxf6 29. Rh3 g6 30. Rg3 Kh7 31. Qa1 gxf5 32. Qh1 Rcc8 33. Rd1 Rg8 34. Rdg1 Rxg3 35. Rxg3 Rg8 36. Rxg8 Kxg8 37. Qh3 Kg7 38. exf5 Bc7 39. Qg4+ Kh7 40. Nd2 Bd8 41. Nf3 a5 42. bxa5 Bxa5 43. d4 exd4 44. Qxd4 Bd8 45. Qd3 Be7 46. Nd2 Bxc5 47. Ne4 Qe5 48. f6 Bf8 49. Kf1 Kg8 50. Qf3 Qd5 51. Qg4+ Kh7 52. Ng3 Qc4+ 53. Qxc4 bxc4 54. h5 Bc5 55. Ne4 Bd4 56. Ke2 Kg8 57. f4 Kf8 58. f5 Be5 59. Nd2 c3 60. Ne4 Ke8 61. Kd3 1/2-1/2

[Event "CRO-chT3"]
[Site "Zagreb"]
[Date "2008.03.30"]
[Round "1"]
[White "Maravic, Stjepan"]
[Black "Kapic, Ibrahim"]
[Result "1-0"]
[WhiteElo "2167"]
[BlackElo "2229"]
[PlyCount "91"]
[EventDate "2008.03.30"]
[EventType "team-tourn"]
[EventRounds "9"]
[EventCountry "CRO"]
[SourceTitle "EXT 2011"]
[Source "ChessBase"]
[SourceDate "2010.11.26"]
[SourceVersion "1"]
[SourceVersionDate "2010.11.26"]
[SourceQuality "1"]

1. d4 f5 2. c4 Nf6 3. Nc3 g6 4. Nf3 Bg7 5. Qc2 d6 6. g3 0-0 7. Bg2 c6 8. 0-0 Qc7 9. e4 fxe4 10. Nxe4 Na6 11. Bd2 Bf5 12. Nxf6+ exf6 13. Qb3 Qf7 14. Rfe1 Rae8 15. Bf4 Rxe1+ 16. Rxe1 Rd8 17. Bf1 g5 18. Bd2 Bg4 19. h3 Bc8 20. Qe3 Nc7 21. Qa3 a6 22. Ba5 Bf8 23. Nd2 Re8 24. Rxe8 Nxe8 25. Qe3 Ng7 26. d5 cxd5 27. cxd5 b5 28. Ne4 h6 29. Qc3 Bb7 30. Nxf6+ Kh8 31. Bg2 Be7 32. Qc7 Qxf6 33. Bc3 Bd8 34. Qxb7 Qf8 35. Qxa6 Kg8 36. Qxb5 Bf6 37. Bxf6 Qxf6 38. a4 Qd4 39. Qb8+ Kh7 40. Qxd6 Qd1+ 41. Kh2 Qxa4 42. Qe5 Qd7 43. Be4+ Kg8 44. Bg6 Qb7 45. Qf6 h5 46. Qd8+ 1-0

[Event "Staufer op 20th"]
[Site "Schwaebisch Gmuend"]
[Date "2008.01.04"]
[Round "6"]
[White "Kapic, Ibrahim"]
[Black "Miezis, Normunds"]
[Result "0-1"]
[WhiteElo "2229"]
[BlackElo "2553"]
[PlyCount "68"]
[EventDate "2008.01.02"]
[EventType "swiss"]
[EventRounds "9"]
[EventCountry "GER"]
[SourceTitle "CBM 122 Extra"]
[Source "ChessBase"]
[SourceDate "2008.03.04"]
[SourceVersion "1"]
[SourceVersionDate "2008.03.04"]
[SourceQuality "1"]

1. e4 c5 2. Nf3 e6 3. c3 d5 4. exd5 exd5 5. d4 Nc6 6. Be2 Nf6 7. 0-0 Be7 8. dxc5 Bxc5 9. Nbd2 0-0 10. Nb3 Bb6 11. Bg5 Re8 12. Nfd4 h6 13. Bxf6 Qxf6 14. Bf3 Be6 15. Nxc6 bxc6 16. a4 Rad8 17. Qd2 d4 18. a5 Bc7 19. Nc1 Bc4 20. cxd4 Bxf1 21. Kxf1 Rxd4 22. Qc3 Be5 23. Nd3 Bxh2 24. Re1 Rxe1+ 25. Nxe1 Bc7 26. Qc5 a6 27. Bxc6 Bxa5 28. Nf3 Rd1+ 29. Ke2 Rd6 30. Ne5 Rd2+ 31. Kf1 Rd1+ 32. Ke2 Re1+ 33. Kd3 Rxe5 34. Bd5 Qg6+ 0-1

[Event "Velika Gorica op 7th"]
[Site "Velika Gorica"]
[Date "2007.08.23"]
[Round "7"]
[White "Brumen, Dinko"]
[Black "Kapic, Ibrahim"]
[Result "1-0"]
[WhiteElo "2390"]
[BlackElo "2185"]
[PlyCount "84"]
[EventDate "2007.08.18"]
[EventType "swiss"]
[EventRounds "9"]
[EventCountry "CRO"]
[SourceTitle "CBM 120 Extra"]
[Source "ChessBase"]
[SourceDate "2007.11.01"]
[SourceVersion "1"]
[SourceVersionDate "2007.11.01"]
[SourceQuality "1"]

1. c4 e6 2. Nc3 Nf6 3. d4 d5 4. cxd5 exd5 5. Bg5 Nbd7 6. e3 c6 7. Bd3 g6 8. Nf3 Bg7 9. h4 Qb6 10. Qc2 Nf8 11. Bf4 Qb4 12. 0-0-0 Bg4 13. Kb1 Nh5 14. Bh2 Bxf3 15. gxf3 Ne6 16. f4 Bf6 17. f5 Neg7 18. fxg6 hxg6 19. a3 Qa5 20. Ka2 Be7 21. Be5 Rh6 22. e4 dxe4 23. Bxe4 Nf6 24. Bd3 Ne6 25. Bc4 Nd7 26. Bg3 Nb6 27. Bxe6 fxe6 28. Bf4 Nd5 29. Nxd5 Qxd5+ 30. Ka1 Rxh4 31. Qxg6+ Kd7 32. Rxh4 Bxh4 33. Qg4 Be7 34. Be5 Rf8 35. f4 Qe4 36. d5 cxd5 37. Rc1 Qf5 38. Rc7+ Ke8 39. Qg1 b6 40. Rxa7 Bc5 41. Qf1 Be7 42. Bd6 Rf7 1-0

[Event "Staufer op 18th"]
[Site "Schwaebisch Gmuend"]
[Date "2006.01.05"]
[Round "8"]
[White "Kapic, Ibrahim"]
[Black "Gohla, Ulf"]
[Result "1/2-1/2"]
[WhiteElo "2289"]
[BlackElo "2162"]
[PlyCount "37"]
[EventDate "2006.01.02"]
[EventType "swiss"]
[EventRounds "9"]
[EventCountry "GER"]
[SourceTitle "EXT 2007"]
[Source "ChessBase"]
[SourceDate "2006.11.23"]
[SourceVersion "1"]
[SourceVersionDate "2006.11.23"]
[SourceQuality "1"]

1. e4 c6 2. d4 d5 3. Nc3 dxe4 4. Nxe4 Bf5 5. Ng3 Bg6 6. Nh3 e6 7. Nf4 Bd6 8. Nfh5 Bxh5 9. Nxh5 g6 10. Ng3 Qc7 11. Qf3 Nd7 12. Ne4 Be7 13. Bf4 Qa5+ 14. Bd2 Qf5 15. Be2 Qxf3 16. Bxf3 Ngf6 17. 0-0-0 Nxe4 18. Bxe4 0-0-0 19. Rhe1 1/2-1/2

[Event "Staufer op 18th"]
[Site "Schwaebisch Gmuend"]
[Date "2006.01.03"]
[Round "3"]
[White "Mijatovic, Vladimir"]
[Black "Kapic, Ibrahim"]
[Result "1/2-1/2"]
[WhiteElo "2160"]
[BlackElo "2289"]
[PlyCount "52"]
[EventDate "2006.01.02"]
[EventType "swiss"]
[EventRounds "9"]
[EventCountry "GER"]
[SourceTitle "EXT 2007"]
[Source "ChessBase"]
[SourceDate "2006.11.23"]
[SourceVersion "1"]
[SourceVersionDate "2006.11.23"]
[SourceQuality "1"]

1. e4 e5 2. Bc4 c6 3. Nf3 d6 4. 0-0 Be7 5. d4 Nd7 6. c3 Ngf6 7. Re1 0-0 8. Bb3 Qc7 9. Nbd2 Re8 10. Nf1 Nf8 11. Ng5 Ne6 12. Ng3 Nxg5 13. Bxg5 Be6 14. Bxe6 fxe6 15. dxe5 dxe5 16. Qb3 Bc5 17. Bxf6 gxf6 18. Qc4 Bb6 19. Rad1 Rad8 20. a4 Qf7 21. b4 Rxd1 22. Rxd1 Rd8 23. Rxd8+ Bxd8 24. h3 a6 25. Kf1 Qd7 26. Ke2 b5 1/2-1/2

[Event "Staufer op 18th"]
[Site "Schwaebisch Gmuend"]
[Date "2006.01.02"]
[Round "2"]
[White "Kapic, Ibrahim"]
[Black "Baeuml, Ulrich"]
[Result "1-0"]
[WhiteElo "2289"]
[BlackElo "2095"]
[PlyCount "67"]
[EventDate "2006.01.02"]
[EventType "swiss"]
[EventRounds "9"]
[EventCountry "GER"]
[SourceTitle "EXT 2007"]
[Source "ChessBase"]
[SourceDate "2006.11.23"]
[SourceVersion "1"]
[SourceVersionDate "2006.11.23"]
[SourceQuality "1"]

1. e4 c5 2. Nf3 e6 3. c3 Nf6 4. e5 Nd5 5. d4 cxd4 6. cxd4 Nc6 7. Bc4 d6 8. 0-0 dxe5 9. dxe5 Be7 10. Qe2 Qc7 11. Rd1 0-0 12. Bxd5 exd5 13. Nc3 Be6 14. Nxd5 Bxd5 15. Rxd5 Nb4 16. Rd1 Rfd8 17. Bg5 Rxd1+ 18. Rxd1 Bxg5 19. Nxg5 h6 20. Nf3 Nxa2 21. h3 Nb4 22. Nh4 Rd8 23. Rxd8+ Qxd8 24. Qg4 Nd3 25. e6 fxe6 26. Qxe6+ Kh7 27. Qe4+ Kg8 28. b3 b6 29. Nf5 Nc5 30. Qc4+ Kh8 31. b4 Nd3 32. Qf7 Qg5 33. g3 Nxb4 34. Ne7 1-0

[Event "Boeblingen op 22nd"]
[Site "Boeblingen"]
[Date "2005.12.29"]
[Round "6"]
[White "Dierkes, Tobias"]
[Black "Kapic, Ibrahim"]
[Result "1/2-1/2"]
[WhiteElo "2097"]
[BlackElo "2263"]
[PlyCount "99"]
[EventDate "2005.12.26"]
[EventType "swiss"]
[EventRounds "9"]
[EventCountry "GER"]
[SourceTitle "CBM 110 Extra"]
[Source "ChessBase"]
[SourceDate "2006.03.10"]
[SourceVersion "2"]
[SourceVersionDate "2006.03.10"]
[SourceQuality "1"]

1. d4 d5 2. c4 c6 3. Nf3 Nf6 4. Nc3 dxc4 5. a4 Bf5 6. Ne5 Nbd7 7. Nxc4 Qc7 8. g3 e5 9. dxe5 Nxe5 10. Bf4 Nfd7 11. Nxe5 Nxe5 12. Bg2 Rd8 13. Qc1 Bd6 14. 0-0 0-0 15. Rd1 Qe7 16. Ne4 Bxe4 17. Bxe4 Ng6 18. Bxd6 Rxd6 19. Qc2 Rfd8 20. Rxd6 Rxd6 21. a5 a6 22. Bxg6 hxg6 23. Rd1 Re6 24. e3 Re5 25. Qc3 Rb5 26. Rd4 c5 27. Rd5 Qf6 28. Rxc5 Rxb2 29. Rc8+ Kh7 30. Qxf6 gxf6 31. g4 Kg7 32. Kg2 Rb5 33. Rc7 g5 34. Kg3 Kg6 35. h4 gxh4+ 36. Kxh4 Rxa5 37. Rxb7 Ra1 38. Kg3 a5 39. Kf4 a4 40. Ra7 a3 41. e4 Ra2 42. f3 Ra1 43. Ra6 Kg7 44. g5 fxg5+ 45. Kxg5 a2 46. Kf4 Kf8 47. Ke5 Rf1 48. Rxa2 Rxf3 49. Ra8+ Kg7 50. Ra1 1/2-1/2

[Event "Velika Gorica op 5th"]
[Site "Velika Gorica"]
[Date "2005.08.22"]
[Round "4"]
[White "Kapic, Ibrahim"]
[Black "Grabar, Bozidar"]
[Result "1-0"]
[WhiteElo "2289"]
[BlackElo "2090"]
[PlyCount "75"]
[EventDate "2005.08.20"]
[EventType "swiss"]
[EventRounds "9"]
[EventCountry "CRO"]
[SourceTitle "CBM 108 Extra"]
[Source "ChessBase"]
[SourceDate "2005.11.04"]
[SourceVersion "1"]
[SourceVersionDate "2005.11.04"]
[SourceQuality "1"]

1. e4 e5 2. Nf3 d6 3. d4 exd4 4. Qxd4 Nc6 5. Bb5 Bd7 6. Bxc6 Bxc6 7. Nc3 Nf6 8. b3 Be7 9. Bb2 0-0 10. 0-0-0 a5 11. a4 Ne8 12. Rhe1 h6 13. Kb1 Qc8 14. h3 Rb8 15. Qd3 Bf6 16. Nd4 Bxd4 17. Qxd4 b5 18. axb5 Bxb5 19. e5 c5 20. Qf4 dxe5 21. Qxe5 Bc6 22. Qxc5 a4 23. Nxa4 Qa6 24. Qc3 f6 25. Nc5 Qc8 26. Qc4+ Kh8 27. Ne6 Rg8 28. Rd8 Nd6 29. Rxd6 Bxg2 30. Qxc8 Rbxc8 31. h4 Rge8 32. Rg1 Be4 33. Nd4 Re7 34. Kc1 Rec7 35. c4 Ra8 36. Re1 Bg6 37. Kd2 Rb7 38. Kc3 1-0

[Event "CRO-chT2 Center"]
[Site "Zagreb"]
[Date "2005.05.08"]
[Round "4.3"]
[White "Kapic, Ibrahim"]
[Black "Grdinic, Zvonimir"]
[Result "1/2-1/2"]
[WhiteElo "2279"]
[BlackElo "2307"]
[PlyCount "23"]
[EventDate "2005.04.03"]
[EventType "team-tourn"]
[EventRounds "11"]
[EventCountry "CRO"]
[SourceTitle "EXT 2007"]
[Source "ChessBase"]
[SourceDate "2006.11.23"]
[SourceVersion "1"]
[SourceVersionDate "2006.11.23"]
[SourceQuality "1"]

1. e4 d6 2. d4 Nf6 3. Bd3 e5 4. d5 g6 5. c4 Bg7 6. Nf3 0-0 7. 0-0 c6 8. Nc3 cxd5 9. cxd5 Nbd7 10. Be3 Ng4 11. Bd2 Nc5 12. Bc2 1/2-1/2

[Event "Velika Gorica op 4th"]
[Site "Velika Gorica"]
[Date "2004.08.27"]
[Round "9"]
[White "Kapic, Ibrahim"]
[Black "Jovanic, Ognjen"]
[Result "0-1"]
[WhiteElo "2231"]
[BlackElo "2440"]
[PlyCount "116"]
[EventDate "2004.08.21"]
[EventType "swiss"]
[EventRounds "9"]
[EventCountry "CRO"]
[SourceTitle "EXT 2005"]
[Source "ChessBase"]
[SourceDate "2004.11.15"]
[SourceVersion "1"]
[SourceVersionDate "2004.11.15"]
[SourceQuality "1"]

1. e4 g6 2. d4 Bg7 3. c3 d6 4. Bd3 Nf6 5. Nf3 0-0 6. 0-0 Nbd7 7. Re1 e5 8. dxe5 dxe5 9. Qe2 h6 10. Rd1 Nh5 11. Na3 Nc5 12. Bc2 Qe7 13. Be3 Ne6 14. Qc4 c6 15. Rd2 Re8 16. Rad1 Nef4 17. Bb3 Bg4 18. Qc5 Qf6 19. Rd6 Ne6 20. Bxe6 Bxe6 21. Qa5 Bf8 22. R6d3 Bg4 23. Bc1 Nf4 24. Bxf4 Qxf4 25. Re1 b6 26. Qa4 Rad8 27. Qd1 Bxf3 28. gxf3 Qg5+ 29. Kf1 Rxd3 30. Qxd3 Rd8 31. Qa6 Qf4 32. Kg2 Qd2 33. Rf1 Qxb2 34. Nb1 Rd7 35. h4 h5 36. Qc8 Rd6 37. Qe8 Re6 38. Qd7 Qe2 39. Qd2 Qxd2 40. Nxd2 Bh6 41. Nc4 b5 42. Na5 Bd2 43. Nb7 Bxc3 44. Rd1 Bd4 45. f4 Re7 46. Nd8 c5 47. Nc6 Rc7 48. Nxe5 Bxe5 49. fxe5 c4 50. Kf1 b4 51. Ke1 Kg7 52. Rd6 b3 53. axb3 cxb3 54. Rd2 a5 55. Rb2 a4 56. Kd2 Rc4 57. Kd3 Rc1 58. f4 a3 0-1

[Event "Velika Gorica op 4th"]
[Site "Velika Gorica"]
[Date "2004.08.22"]
[Round "3"]
[White "Bukal, Vladimir Sr"]
[Black "Kapic, Ibrahim"]
[Result "1-0"]
[WhiteElo "2397"]
[BlackElo "2231"]
[PlyCount "56"]
[EventDate "2004.08.21"]
[EventType "swiss"]
[EventRounds "9"]
[EventCountry "CRO"]
[SourceTitle "EXT 2005"]
[Source "ChessBase"]
[SourceDate "2004.11.15"]
[SourceVersion "1"]
[SourceVersionDate "2004.11.15"]
[SourceQuality "1"]

1. c4 Nf6 2. Nc3 e6 3. d4 d5 4. cxd5 exd5 5. Bg5 c6 6. Qc2 Be7 7. e3 Be6 8. Bd3 Nbd7 9. Nge2 Nf8 10. 0-0 N6d7 11. Bf4 Ng6 12. Bg3 Nf6 13. Rab1 Nh5 14. f4 Nxg3 15. Nxg3 Nf8 16. f5 Bc8 17. Nh5 Rg8 18. Qf2 Nd7 19. Rbe1 Nf6 20. Nxf6+ gxf6 21. e4 dxe4 22. Rxe4 Kf8 23. Qe3 Rg7 24. Re1 Bxf5 25. Rxe7 Bxd3 26. Qxd3 Qxe7 27. Rxe7 Kxe7 28. d5 Rag8 1-0

[Event "Velika Gorica op 4th"]
[Site "Velika Gorica"]
[Date "2004.08.22"]
[Round "2"]
[White "Kapic, Ibrahim"]
[Black "Katulic, Zlatko"]
[Result "1-0"]
[WhiteElo "2231"]
[BlackElo "2066"]
[PlyCount "73"]
[EventDate "2004.08.21"]
[EventType "swiss"]
[EventRounds "9"]
[EventCountry "CRO"]
[SourceTitle "EXT 2005"]
[Source "ChessBase"]
[SourceDate "2004.11.15"]
[SourceVersion "1"]
[SourceVersionDate "2004.11.15"]
[SourceQuality "1"]

1. e4 c5 2. c3 d5 3. exd5 Qxd5 4. d4 Nc6 5. Nf3 Bg4 6. Be2 e6 7. 0-0 Rd8 8. Be3 Bd6 9. dxc5 Bxc5 10. Qxd5 Rxd5 11. Bxc5 Rxc5 12. Nbd2 Nf6 13. h3 Bf5 14. Nb3 Rd5 15. Nfd4 Nxd4 16. Nxd4 Be4 17. f3 Bg6 18. Bc4 Rc5 19. Bb3 0-0 20. Rfd1 e5 21. Nc2 e4 22. Nd4 h5 23. fxe4 Bxe4 24. Rd2 g5 25. Rf1 Nd5 26. Nf5 Nf4 27. Nd6 Bc6 28. h4 Kg7 29. hxg5 Ne6 30. g6 Ng5 31. gxf7 Ne4 32. Nxe4 Bxe4 33. Rd4 Bc6 34. Rf2 b5 35. Rdf4 Re5 36. Rf5 Re1+ 37. Kh2 1-0

[Event "Staufer op 15th"]
[Site "Schwaebisch Gmuend"]
[Date "2003.01.05"]
[Round "9"]
[White "Weiss, Andreas"]
[Black "Kapic, Ibrahim"]
[Result "1/2-1/2"]
[WhiteElo "2231"]
[BlackElo "2200"]
[PlyCount "53"]
[EventDate "2003.01.02"]
[EventType "swiss"]
[EventRounds "9"]
[EventCountry "GER"]
[SourceTitle "EXT 2004"]
[Source "ChessBase"]
[SourceDate "2003.11.25"]
[SourceVersion "1"]
[SourceVersionDate "2003.11.25"]
[SourceQuality "1"]

1. e4 e5 2. Nf3 Nc6 3. Bb5 Nf6 4. Nc3 d6 5. d4 exd4 6. Nxd4 Bd7 7. 0-0 Nxd4 8. Bxd7+ Qxd7 9. Qxd4 Be7 10. b3 0-0 11. Bb2 c6 12. Rad1 Rfd8 13. Rd3 Qe6 14. Rfd1 Ne8 15. Qe3 b5 16. Ne2 Bf6 17. Bxf6 Nxf6 18. Nd4 Qe8 19. Nf5 Nxe4 20. Nxd6 Rxd6 21. Rxd6 Nxd6 22. Rxd6 Qf8 23. Qd3 Rc8 24. Rd7 a5 25. Qd6 Qxd6 26. Rxd6 Kf8 27. a3 1/2-1/2

[Event "Staufer op 15th"]
[Site "Schwaebisch Gmuend"]
[Date "2003.01.04"]
[Round "6"]
[White "Kapic, Ibrahim"]
[Black "Dittmar, Peter"]
[Result "1/2-1/2"]
[WhiteElo "2200"]
[BlackElo "2320"]
[PlyCount "27"]
[EventDate "2003.01.02"]
[EventType "swiss"]
[EventRounds "9"]
[EventCountry "GER"]
[SourceTitle "EXT 2004"]
[Source "ChessBase"]
[SourceDate "2003.11.25"]
[SourceVersion "1"]
[SourceVersionDate "2003.11.25"]
[SourceQuality "1"]

1. e4 e6 2. d4 d5 3. Nc3 Bb4 4. Qd3 Ne7 5. Bd2 b6 6. Qg3 0-0 7. exd5 exd5 8. 0-0-0 Nbc6 9. Nb5 Bxd2+ 10. Rxd2 a6 11. Nc3 Bf5 12. Nf3 Qd7 13. Bd3 Rfe8 14. Re1 1/2-1/2